000 00877cam a2200205 4500
001 WB3801-07
008 020110n2002 000 0 eng u
035 _a(Sirsi) u116230
245 _aPlot to reform CIS
260 _c2002
490 _aContract Journal
_v411(6359) 9 January 2002, 1(1)
520 _aThe Construction Federation, UCATT, and the Recruitment and Employment Federation have formed a united front to lobby government on reforming the Construction Industry Scheme (CIS), which regulates the industry's tax affairs relating to employment. A recent report suggested that at least 361,000 construction workers are currently falsely categorised as self-employed.
590 _aWB
650 _aSELF-EMPLOYMENT
650 _aCONSTRUCTION INDUSTRY SCHEME
650 _aTAXATION
650 _aEMPLOYMENT STATUS
690 _aBUILT ENVIRONMENT
942 _n0
999 _c69249
_d69249